000 00573nam a2200241 a 4500
001 nice12345678
003 IN_TiNIC
005 20260116011646.0
008 050524s0000 daca grp 000 0 eng
020 _a
_c0.12
082 0 0 _a297.8
_bAHM
100 _aAhmed, Anees
245 _aWho Is Mawdoodi
260 _aDacca
_bAuthor
_c0000
300 _a12p
500 _aincludes index and biblioraphy
505 2 _aMiddle eastern world held at asmara,
650 _aJamaat-E-Islami
700 1 _aAhmed, Anees
902 _bSRS
942 _cBK
999 _c3205
_d3205